Who did what : (Record no. 134119)

MARC details
000 -LEADER
fixed length control field 00671nam a22002177a 4500
005 - DATE AND TIME OF LATEST TRANSACTION
control field 20170124110221.0
010 ## - LIBRARY OF CONGRESS CONTROL NUMBER
LC control number A-258168
020 ## - INTERNATIONAL STANDARD BOOK NUMBER
Terms of availability 00.00
International Standard Book Number 0855335726
035 ## - SYSTEM CONTROL NUMBER
System control number A-258168
037 ## - SOURCE OF ACQUISITION
Source of stock number/acquisition Cen Lib/Ret
040 ## - CATALOGING SOURCE
Original cataloging agency DPL
Language of cataloging EN
082 ## - DEWEY DECIMAL CLASSIFICATION NUMBER
Classification number 920
Item number WHO
245 ## - TITLE STATEMENT
Title Who did what :
Statement of responsibility, etc edited by Mitchell Beazley
Remainder of title illustrated biographical dictionary /
260 ## - PUBLICATION, DISTRIBUTION, ETC. (IMPRINT)
Place of publication, distribution, etc London
Name of publisher, distributor, etc Mitchell beazley publishers
Date of publication, distribution, etc 1974
270 ## - ADDRESS
City London
Address 14-15 Manett street
300 ## - PHYSICAL DESCRIPTION
Extent 256p.:
Dimensions 24cm(Hb)
Other physical details ill.
650 ## - SUBJECT ADDED ENTRY--TOPICAL TERM
Topical term or geographic name as entry element Military biography
9 (RLIN) 39842
650 ## - SUBJECT ADDED ENTRY--TOPICAL TERM
Topical term or geographic name as entry element Christian biography
9 (RLIN) 39843
700 ## - ADDED ENTRY--PERSONAL NAME
Personal name Beazley, Mitchell
9 (RLIN) 39844
942 ## - ADDED ENTRY ELEMENTS (KOHA)
Source of classification or shelving scheme Dewey Decimal Classification
Koha item type English Books
Classification part 920
Call number suffix WHO
Holdings
Withdrawn status Lost status Damaged status Not for loan Collection code Home library Current library Date acquired Source of acquisition Cost, normal purchase price Total Checkouts Full call number Barcode Date last seen Copy number Cost, replacement price Price effective from Koha item type
      Not For Loan Reference Central Library Central Library 29/07/2015 Cen Lib/Ret 0.00   920 WHO A-258168 29/07/2015 1 0.00 29/07/2015 English Books

© Delhi Public Library
Hit Counter
free hit counter